| 000 | 00776nam a22002533a 4500 | ||
|---|---|---|---|
| 005 | 20240910064315.0 | ||
| 008 | 011016s1999 ag r 000 0 spa d | ||
| 020 | _a9507013334 | ||
| 035 | _aUPN01000114105 | ||
| 049 | _aCG | ||
| 050 | 4 |
_aBF109 V9 _bB3.9 1999 |
|
| 100 | 1 |
_aBaquero, Ricardo _934548 |
|
| 245 | 1 | 0 |
_aVigotsky y el aprendizaje escolar / _cRicardo Baquero. |
| 250 | _a4a ed. | ||
| 260 |
_a[Buenos Aires] : _bAique, _c1999. |
||
| 300 | _a255 p. | ||
| 440 | 0 | _aPsicología cognitiva y educación | |
| 590 | _a(También localizas un ejemplar en el "Area de Reserva") | ||
| 590 | _aBibliografía Básica (BGTQ) | ||
| 600 | 1 | 4 |
_aVYGOTSKI, LEV SEMYNOVICH, _d1896-1934 |
| 650 | 4 |
_aAprendizaje _92861 |
|
| 650 | 4 |
_aPsicología educativa _95197 |
|
| 905 | _aLibro | ||
| 999 |
_c88013 _d88013 |
||